<?xml version="1.0" encoding="UTF-8"?>
<record
    xmlns:xsi="http://www.w3.org/2001/XMLSchema-instance"
    xsi:schemaLocation="http://www.loc.gov/MARC21/slim http://www.loc.gov/standards/marcxml/schema/MARC21slim.xsd"
    xmlns="http://www.loc.gov/MARC21/slim">

  <leader>01883nam a22002537a 4500</leader>
  <datafield tag="999" ind1=" " ind2=" ">
    <subfield code="c">1580</subfield>
    <subfield code="d">1580</subfield>
  </datafield>
  <controlfield tag="003">DO-SdBJH</controlfield>
  <controlfield tag="005">20191031230634.0</controlfield>
  <controlfield tag="008">171026b        xxu||||| |||| 00| 0 esp d</controlfield>
  <datafield tag="040" ind1=" " ind2=" ">
    <subfield code="c">RCAA</subfield>
    <subfield code="a">DO-SdBJH</subfield>
    <subfield code="b">spa</subfield>
  </datafield>
  <datafield tag="090" ind1=" " ind2=" ">
    <subfield code="a">TG EGCEMC </subfield>
    <subfield code="b">01089 2016</subfield>
  </datafield>
  <datafield tag="100" ind1="1" ind2=" ">
    <subfield code="a">Col&#xF3;n D&#xED;az, Manuel</subfield>
    <subfield code="e">sustentante</subfield>
  </datafield>
  <datafield tag="245" ind1="1" ind2="0">
    <subfield code="a">Plan de operaciones interagencial ante acciones del crimen organizado  en el nuevo puerto tur&#xED;stico de Maim&#xF3;n, Puerto Plata / </subfield>
    <subfield code="c"> Manuel Col&#xF3;n D&#xED;az, asesores Rafael Garc&#xED;a Aybar, Fanny Torres</subfield>
  </datafield>
  <datafield tag="260" ind1=" " ind2=" ">
    <subfield code="a">Santo Domingo :</subfield>
    <subfield code="b">INSUDE, </subfield>
    <subfield code="c">2016</subfield>
  </datafield>
  <datafield tag="300" ind1=" " ind2=" ">
    <subfield code="a">ix, 92 p&#xE1;ginas, ilustraciones-tablas-gr&#xE1;ficos</subfield>
  </datafield>
  <datafield tag="502" ind1=" " ind2=" ">
    <subfield code="a">Tesis (Especialidad  en Comando y Estado Mayor Conjunto) -- Instituto Superior para la Defensa (INSUDE).  -- Escuela de Graduados en Comando y Estado Mayor &#x201C;General de Divisi&#xF3;n Gregorio Luper&#xF3;n&#x201D;, 2016.</subfield>
  </datafield>
  <datafield tag="504" ind1=" " ind2=" ">
    <subfield code="a">Incluye referencias bibliogr&#xE1;ficas e &#xED;ndices</subfield>
  </datafield>
  <datafield tag="505" ind1=" " ind2=" ">
    <subfield code="a">Normas y disposiciones jur&#xED;dicas que rigen el sistema de proteccion mar&#xED;timo. -- Portuario en la Rep&#xFA;blica Dominicana. -- Papel de los organismos e instituciones del estado al momento de brindar seguridad a las instalaciones. - Buques y personas que utilizan los puertos mar&#xED;timos de Rep&#xFA;blica Dominicana, actos il&#xED;citos mas frecuentes detectados en el sistema portuario nacional desde el a&#xF1;o 2012 hasta el 2015. -- Plan de operaciones conjuntas para enfrentar la acciones del crimen organizado en el puerto de Maim&#xF3;n, Provincia Puerto Plata, desde el a&#xF1;o 2017.</subfield>
  </datafield>
  <datafield tag="650" ind1=" " ind2="4">
    <subfield code="a">Acciones del crimen organizado -- Puerto de Maim&#xF3;n</subfield>
  </datafield>
  <datafield tag="651" ind1=" " ind2="4">
    <subfield code="a">Rep&#xFA;blica Dominicana -- Puerto Plata -- Puerto mar&#xED;timo</subfield>
  </datafield>
  <datafield tag="700" ind1="1" ind2=" ">
    <subfield code="a">Garc&#xED;a Aybar, Rafael</subfield>
    <subfield code="e">asesor</subfield>
  </datafield>
  <datafield tag="700" ind1="1" ind2=" ">
    <subfield code="a">Torres, Fanny</subfield>
    <subfield code="e">asesor</subfield>
  </datafield>
  <datafield tag="830" ind1=" " ind2=" ">
    <subfield code="a">INSUDE.  Escuela de Graduados en Comando y Estado Mayor &#x201C;General de Divisi&#xF3;n Gregorio Luper&#xF3;n&#x201D;.  Tesis y disertaciones acad&#xE9;micas</subfield>
  </datafield>
  <datafield tag="942" ind1=" " ind2=" ">
    <subfield code="2">CL</subfield>
    <subfield code="c">T</subfield>
  </datafield>
  <datafield tag="952" ind1=" " ind2=" ">
    <subfield code="0">0</subfield>
    <subfield code="1">0</subfield>
    <subfield code="2">CL</subfield>
    <subfield code="4">0</subfield>
    <subfield code="7">1</subfield>
    <subfield code="8">TG</subfield>
    <subfield code="a">BJHA</subfield>
    <subfield code="b">BJHA</subfield>
    <subfield code="d">2017-10-26</subfield>
    <subfield code="i">16-01089</subfield>
    <subfield code="l">0</subfield>
    <subfield code="o">TG EGCEMC 01089 2016</subfield>
    <subfield code="p">16-01089</subfield>
    <subfield code="r">2018-10-06 00:00:00</subfield>
    <subfield code="t">e.1</subfield>
    <subfield code="w">2017-10-26</subfield>
    <subfield code="y">T</subfield>
  </datafield>
</record>
